Every Explosive Weapon in Fortnite - Statistics

General Stats
  • This quiz has been taken 22 times
  • The average score is 13 of 27
Answer Stats
Picture Answer % Correct
Grenade
100%
Grenade Launcher
94%
Rocket Launcher
94%
Dynamite
89%
Clinger
83%
Quad Launcher
83%
C4
78%
Pumpkin Launcher
78%
Snowball Launcher
78%
Egg Launcher
61%
Guided Missile Launcher
50%
Proximity Mine
44%
Anvil Rocket Launcher
33%
Firefly Jar
33%
Sticky Grenade Launcher
33%
Bottle Rockets
28%
Proximity Grenade Launcher
28%
Burst Quad Launcher
22%
Explosive Goo Gun
22%
Kit's Shockwave Launcher
22%
Plasma Cannon
22%
Recycler
22%
Thunder Spears
22%
Cybertron Cannon
17%
Paper Bomb Kunai
17%
Chitauri Energy Launcher
11%
Shield Breaker EMP
11%
No matching quizzes found
Score Distribution
Percent of People with Each Score
Percentile by Number Answered
Your Score History
You have not taken this quiz